Un estado inteligente debe tomar medidas más completas para una sociedad más justa (Registro nro. 20383)

Detalles MARC
000 -LEADER
fixed length control field 00366 a2200109 4500
001 - CONTROL NUMBER
control field ART_53020
005 - DATE AND TIME OF LATEST TRANSACTION
control field 20260410161759.0
008 - FIXED-LENGTH DATA ELEMENTS--GENERAL INFORMATION
fixed length control field 260409a
100 1# - MAIN ENTRY--PERSONAL NAME
Personal name Radiminski, Carlos L.
245 10 - TITLE STATEMENT
Title Un estado inteligente debe tomar medidas más completas para una sociedad más justa
773 0# - HOST ITEM ENTRY
Title Doctrina tributaria
Related parts - Nº 356 (nov. 2009)
Record control number REV4296

No hay ítems disponibles.